Порівняння граматичних трансформацій, що використовуються при перекладі текстів наукового та художнього стилю (Запис № 284192)

МАРК-запис
000 -LEADER
fixed length control field 01370nam a22001577a 4500
041 ## - LANGUAGE CODE
Language code of text/sound track or separate title ukr
080 ## - UNIVERSAL DECIMAL CLASSIFICATION NUMBER
Universal Decimal Classification number 09
090 ## - LOCALLY ASSIGNED LC-TYPE CALL NUMBER (OCLC); LOCAL CALL NUMBER (OCLC)
Local cutter number (OCLC) ; Book number/undivided call number, CALL (RLIN) ФЕД
100 ## - MAIN ENTRY--PERSONAL NAME
Personal name Федорчук О.М.
245 ## - TITLE STATEMENT
Title Порівняння граматичних трансформацій, що використовуються при перекладі текстів наукового та художнього стилю
260 ## - PUBLICATION, DISTRIBUTION, ETC. (IMPRINT)
Place of publication, distribution, etc Острог
Name of publisher, distributor, etc КАФ
Date of publication, distribution, etc 2009
300 ## - PHYSICAL DESCRIPTION
Extent 59
520 ## - SUMMARY, ETC.
Summary, etc ВСТУП<br/>РОЗДІЛ 1 ЗАГАЛЬНА ХАРАКТЕРИСТИКА ПЕРЕКЛАДУ НАУКОВО-ТЕХНІЧНОЇ ТА ХУДОЖНЬОЇ ЛІТЕРАТУРИ<br/>1.1 Особливості науково-технічного перекладу.<br/>1.2 Особливості художнього перекладу.<br/>1.3 Класифікація трансформацій.<br/>РОЗДІЛ 2 АНАЛІЗ ПЕРЕКЛАДАЦЬКИХ ТРАНСФОРМАЦІЙ В НАУКОВО-ТЕХНІЧНИХ ТА ХУДОЖНІХ ТЕКСТАХ<br/>2.1 Аналіз перекладацьких трансформацій в художньому творі.<br/>2.2 Аналіз перекладацьких перетворень в наукових статтях.<br/>ВИСНОВКИ
-- переклад, науково-технічна та художня література
650 ## - SUBJECT ADDED ENTRY--TOPICAL TERM
Topical term or geographic name as entry element Research Papers
942 ## - ADDED ENTRY ELEMENTS (KOHA)
Koha item type Книги
Фонди
Withdrawn status Lost status Source of classification or shelving scheme Damaged status Not for loan Home library Current library Date acquired Source of acquisition Cost, normal purchase price Total Checkouts Full call number Barcode Date last seen Price effective from Koha item type
    Universal Decimal Classification     ВІЛ - Відділ іноземн. літератури НБ ВІЛ - Відділ іноземн. літератури НБ 16/04/2009 Акт №1 1.00   09 213446 15/12/2021 16/04/2009 Книги